Library of the University of Algiers 3
Ibrahim Sultan Cheibout
شعار جامعة الجزائر 3
مكتبة جامعة الجزائر 3
إبراهيم سلطان شيبوط

مراجعة وتدقيق نظم المعلومات / (رقم التسجيلة. 45617)

تفاصيل مارك
000 -LEADER
fixed length control field 01319nam a2200229Ia 4500
003 - CONTROL NUMBER IDENTIFIER
control field Ost
005 - DATE AND TIME OF LATEST TRANSACTION
control field 20260507075652.0
008 - FIXED-LENGTH DATA ELEMENTS--GENERAL INFORMATION
fixed length control field 260507s9999||||xx |||||||||||||| ||und||
040 ## - CATALOGING SOURCE
Transcribing agency fsecg
041 ## - LANGUAGE CODE
Language code of text/sound track or separate title ara
082 ## - DEWEY DECIMAL CLASSIFICATION NUMBER
Classification number 658.4038011
100 ## - MAIN ENTRY--PERSONAL NAME
Personal name لطفي، أمين السيد أحمد
Relator term مؤلف
245 #0 - TITLE STATEMENT
Title مراجعة وتدقيق نظم المعلومات /
Statement of responsibility, etc. أمين السيد أحمد لطفي
260 ## - PUBLICATION, DISTRIBUTION, ETC.
Place of publication, distribution, etc. الإسكندرية:
Name of publisher, distributor, etc. الدار الجامعية,
Date of publication, distribution, etc. 2005
300 ## - PHYSICAL DESCRIPTION
Extent 127 صفحة؛
Other physical details إيضاحات ؛
Dimensions 25 سم
520 ## - SUMMARY, ETC.
Summary, etc. طبيعة مكونات نظم المعلومات المستخدمة للكمبيوتر- أهداف ومناهج ونطاق مراجعة نظم المعلومات- مراجعة نظم المعلومات الداخلية- تطورات تكنولوجيا المعلومات وأثرها على المراجعة- أساليب الرقابة الداخلية في ظل بيئة تكنولوجيا المعلومات - أساليب مراجعة تكنولوجيا المعلومات أثر التجارة الإلكترونية وانعكاساتها على المراجعة.
653 ## - INDEX TERM--UNCONTROLLED
Uncontrolled term التدقيق
653 ## - INDEX TERM--UNCONTROLLED
Uncontrolled term المحاسبة
653 ## - INDEX TERM--UNCONTROLLED
Uncontrolled term المراجعة
653 ## - INDEX TERM--UNCONTROLLED
Uncontrolled term نظم المعلومات- المؤسسة الممتدة
942 ## - ADDED ENTRY ELEMENTS (KOHA)
Koha item type كتب
المقتنيات
Withdrawn status Lost status Source of classification or shelving scheme Damaged status Not for loan Home library Current library Date acquired Serial enumeration / chronology Inventory number Total checkouts Full call number Barcode Date last seen Price effective from Koha item type
    Dewey Decimal Classification   Available مكتبة كلية العلوم الإقتصادية والعلوم التجارية وعلوم التسيير مكتبة كلية العلوم الإقتصادية والعلوم التجارية وعلوم التسيير 07/05/2026 الطابق الثاني 1757/8   أ/1757ن8 1757/8 07/05/2026 07/05/2026 كتب

موارد الويب المفتوحة


© University of Algiers 3 All Rights Reserved
|
Implemented by LECHELAH Riad